Statistics for 「南」を含む市区町村

Click here to take the quiz!

General Stats

  • This quiz has been taken 37 times
  • The average score is 41 of 63

Answer Stats

HintAnswer% Correct
大阪府阪南市
92%
富山県南砺市
92%
千葉県南房総市
88%
新潟県南魚沼市
88%
京都府南丹市
88%
山梨県南アルプス市
85%
兵庫県南あわじ市
81%
静岡県南伊豆町
81%
沖縄県南城市
81%
福井県南越前町
77%
高知県南国市
77%
鹿児島県南さつま市
77%
大阪府泉南市
77%
福島県南相馬市
77%
宮崎県日南市
77%
鹿児島県南九州市
77%
青森県南部町
73%
山口県周南市
73%
群馬県南牧村
73%
愛知県南知多町
73%
鳥取県南部町
73%
愛知県江南市
73%
徳島県阿南市
73%
愛媛県愛南町
73%
長野県南牧村
73%
千葉県鋸南町
73%
山梨県南部町
73%
神奈川県南足柄市
73%
熊本県南阿蘇村
69%
高知県香南市
69%
和歌山県海南市
69%
長崎県南島原市
69%
沖縄県南大東村
69%
山形県南陽市
69%
新潟県津南町
65%
鹿児島県南大隅町
65%
滋賀県湖南市
65%
三重県南伊勢町
65%
愛知県碧南市
65%
島根県雲南市
65%
京都府南山城村
62%
福島県南会津町
62%
北海道南富良野町
62%
長野県阿南町
58%
千葉県長南町
58%
宮城県南三陸町
58%
静岡県函南町
54%
北海道南幌町
54%
鹿児島県南種子町
54%
沖縄県南風原町
50%
長野県南相木村
50%
島根県邑南町
50%
島根県飯南町
46%
大阪府河南町
46%
長野県南木曽町
46%
岡山県久米南町
46%
長野県南箕輪村
46%
岐阜県岐南町
46%
鳥取県日南町
42%
和歌山県印南町
42%
宮崎県川南町
38%
熊本県南小国町
38%
熊本県南関町
35%

Score Distribution

Percentile by Number Answered

Percent of People with Each Score

Your Score History

You have not taken this quiz